The pocket dangerous book for boys : (Record no. 112183)
[ view plain ]
| 000 -LEADER | |
|---|---|
| fixed length control field | 00375nam a2200133 a 4500 |
| 005 - DATE AND TIME OF LATEST TRANSACTION | |
| control field | 20140414131929.0 |
| 008 - FIXED-LENGTH DATA ELEMENTS--GENERAL INFORMATION | |
| fixed length control field | 101103s19uu xx 00 eng d |
| 020 ## - INTERNATIONAL STANDARD BOOK NUMBER | |
| International Standard Book Number | 978-0-06-164993-6 |
| 050 ## - LIBRARY OF CONGRESS CALL NUMBER | |
| Classification number | M 790.6 |
| Item number | Ig3 2008 |
| 100 ## - MAIN ENTRY--PERSONAL NAME | |
| Personal name | Iggulden, Gonn |
| 245 ## - TITLE STATEMENT | |
| Title | The pocket dangerous book for boys : |
| Remainder of title | things to know. |
| 260 ## - PUBLICATION, DISTRIBUTION, ETC. (IMPRINT) | |
| Place of publication, distribution, etc | New York : |
| Name of publisher, distributor, etc | Collins, |
| Date of publication, distribution, etc | 2008. |
| Withdrawn status | Lost status | Damaged status | Home library | Current library | Shelving location | Date acquired | Source of acquisition | Total Checkouts | Full call number | Barcode | Date last seen | Price effective from | Koha item type |
|---|---|---|---|---|---|---|---|---|---|---|---|---|---|
| Munich Library | Munich Library | Main Section | 11/03/2010 | M 790.6 Ig3 2008 | M3263 | 04/14/2014 | 04/14/2014 | Books |